Capitals Without the Letters of “Damascus” - Statistics

General Stats
  • This quiz has been taken 7 times
  • The average score is 6 of 12
Answer Stats
Continents Capitals % Correct
Africa Freetown
100%
Africa Libreville
100%
Asia Beijing
50%
Europe Berlin
50%
Europe Bern
50%
South America Georgetown
50%
Africa Lilongwe
50%
Africa Porto-Novo
50%
Asia Tokyo
50%
Oceania Wellington
50%
Europe Kiev
0%
Africa Tripoli
0%
No matching quizzes found
Score Distribution
Percent of People with Each Score
Percentile by Number Answered
Your Score History
You have not taken this quiz